Central Library OPAC University of Rajshahi

Economic growth and employment in China / (Record no. 2560)

MARC details
000 -LEADER
fixed length control field 00991pam a2200313 i 4500
001 - CONTROL NUMBER
control field 2560
003 - CONTROL NUMBER IDENTIFIER
rucl marc code BD-RjUL
005 - DATE AND TIME OF LATEST TRANSACTION
control field 20211208233559.0
008 - FIXED-LENGTH DATA ELEMENTS--GENERAL INFORMATION
fixed length control field 131212s1979 nyub b 001 0 eng
020 ## - INTERNATIONAL STANDARD BOOK NUMBER
International Standard Book Number 0195201515 :
International Standard Book Number 0195201523 (pbk.) :
035 ## - SYSTEM CONTROL NUMBER
System control number (BD-RjUL)2587
040 ## - CATALOGING SOURCE
Original cataloging agency DLC
Transcribing agency DLC
Modifying agency DLC
-- BD-RjUL
Language of cataloging eng
041 ## - LANGUAGE CODE
Language code of text/sound track or separate title eng
082 00 - DEWEY DECIMAL CLASSIFICATION NUMBER
Classification number 331.10951
Edition number 21
Author mark and year RAE 1979
100 1# - MAIN ENTRY--PERSONAL NAME
Personal name Rawski, Thomas G.,
Dates associated with a name 1943-
9 (RLIN) 8267
245 10 - TITLE STATEMENT
Title Economic growth and employment in China /
Statement of responsibility, etc. Thomas G. Rawski.
260 ## - PUBLICATION, DISTRIBUTION, ETC. (IMPRINT)
Place of publication, distribution, etc. New York :
Name of publisher, distributor, etc. Published for the World Bank [by] Oxford University Press,
Date of publication, distribution, etc. c1979.
300 ## - PHYSICAL DESCRIPTION
Pagination xiv, 194 p. :
Illustrations map ;
Size 23 cm.
500 ## - GENERAL NOTE
General note Includes index.
504 ## - BIBLIOGRAPHY, ETC. NOTE
Bibliography, etc Bibliography: p. 177-188.
650 #0 - SUBJECT ADDED ENTRY--TOPICAL TERM
Topical term or geographic name as entry element Labor supply
Geographic subdivision China.
9 (RLIN) 8268
Topical term or geographic name as entry element Employment forecasting
Geographic subdivision China.
9 (RLIN) 8269
Topical term or geographic name as entry element Unemployed
Geographic subdivision China.
9 (RLIN) 8270
651 #0 - SUBJECT ADDED ENTRY--GEOGRAPHIC NAME
Geographic name China
General subdivision Economic conditions
Chronological subdivision 1949-1976.
9 (RLIN) 8271
942 ## - ADDED ENTRY ELEMENTS (KOHA)
Source of classification or shelving scheme Dewey Decimal Classification
Koha item type Books
Holdings
Lost status Source of classification or shelving scheme Damaged status Not for loan Collection code Permanent Location Current Location Shelving location Date acquired Source of acquisition Cost, normal purchase price Total Checkouts Full call number Date last seen Copy number Koha item type
  Dewey Decimal Classification   Not For Loan Non-fiction Central Library, University of Rajshahi Central Library, University of Rajshahi Reading Room 25/08/1980 World Bank 0.00   331.10951 RAE 1979 12/12/2013 C-1 Books